Brand Logos by Silhouette - Statistics

General Stats
  • This quiz has been taken 3,639 times
  • The average score is 11 of 16
Answer Stats
Picture Answer % Correct
Shell
96%
Audi
95%
PayPal
92%
Red Bull
92%
JetPunk
85%
Lacoste
80%
Nickelodeon
71%
Blockbuster
69%
Harley-Davidson
69%
Firefox
68%
Wikipedia
64%
Warner Bros.
62%
NBC
56%
Wendy's
55%
Skype
36%
Barclay's
34%
No matching quizzes found
Score Distribution
Percent of People with Each Score
Percentile by Number Answered
Your Score History
You have not taken this quiz